Ogallala, Nebraska : 1:100 000-scale planimetric map : 30 x 60 minute series (planimetric) /

Bibliographic Details
Corporate Author: Geological Survey (U.S.)
Format: Government Document Map
Language:English
Published: Reston, Va. : The Survey : 1985.
Subjects:

MARC

Tag First Indicator Second Indicator Subfields
LEADER 00000cem a2200000 a 4500
001 in00000855178
005 20151019073422.0
007 aj canzn
008 860120s1985 vaug bh a f 1 eng d
010 |a gp 86008729  
034 1 |a a  |b 100000  |d W1020000  |e W1010000  |f N0413000  |g N0410000 
035 |a (OCoLC)13040995 
035 |9 AEE2268AM 
040 |a GPO  |c GPO  |d UtOrBLW 
052 |a 4191 
074 |a 619-G-25 
086 0 |a I 19.110:41101-A 1-PL-100 
090 |a G3701.A1 s100.U5 
110 2 |a Geological Survey (U.S.) 
245 1 0 |a Ogallala, Nebraska :  |b 1:100 000-scale planimetric map : 30 x 60 minute series (planimetric) /  |c produced by the United States Geological Survey. 
255 |a Scale 1:100,000. 1 cm. on the map represents 1 km. on the ground ;  |b universal transverse Mercator proj.  |c (W 10200ʹ--W 10100ʹ/N 4130ʹ--N 4100ʹ). 
264 1 |a Reston, Va. :  |b The Survey :  |c 1985. 
264 2 |a Reston, Va. :  |b For sale by the USGS, 
300 |a 1 map :  |b color ;  |c 62 x 102 cm. 
336 |a cartographic image  |b cri  |2 rdacontent 
337 |a unmediated  |b n  |2 rdamedia 
338 |a sheet  |b nb  |2 rdacarrier 
500 |a Relief shown by spot heights. 
500 |a Map edited and printed 1985. 
500 |a Includes index to adjoining maps. 
500 |a Cartographic material. 
651 0 |a Nebraska  |x Maps. 
999 |a MARS 
999 f f |s 820256ad-3ad0-3b22-89c8-eebe0fdfe2b5  |i 639cadda-b430-31d1-8949-ce5b21187273  |t 0 
952 f f |p normal  |a Texas A&M University  |b College Station  |c Sterling C. Evans Library  |d Evans: Maps (2nd floor)  |t 0  |e G3701.A1 s100 .U5  |h Library of Congress classification  |i unmediated -- sheet  |m A14818139234 
998 f f |a G3701.A1 s100 .U5  |t 0  |l Evans: Maps (2nd floor)